| 000 | 02400nam0a2200373 4500 | ||
|---|---|---|---|
| 001 | RU\NLR\BIBL_A\022653195 | ||
| 005 | 20260121131855.0 | ||
| 010 |
_a978-5-6051963-3-4 _9500 |
||
| 021 |
_aRU _bКН-П-25-054567 _9КН-П-25-5266 |
||
| 035 | _a(NLR Aleph) 022653195 | ||
| 090 |
_a13535667 _c13535667 |
||
| 100 | _a20251024d2025 k y0rusy50 ca | ||
| 101 | 0 | _arus | |
| 102 | _aRU | ||
| 105 | _aac zj 000yy | ||
| 181 | 0 |
_ai _baxxe |
|
| 182 | 0 | _an | |
| 200 | 1 |
_aДиагностика и лечение политравм мирного и военного времени _eруководство для врачей _fИ. Г. Лещенко, Е. П. Кривощеков, В. Е. Романов _gМедицинский университет "Реавиз", Первый НИИ клинической геронтологии и реабилитации ветеранов войн Медицинского университета "Реавиз" |
|
| 203 |
_aТекст _bвизуальный _cнепосредственный |
||
| 210 |
_aСамара _cГапонова Ирина Александровна _d2025 _cРеавиз |
||
| 215 |
_a269, [2] с. _cил., табл., цв. ил., портр. _d21 |
||
| 300 | _aНа 1–3-й с. 1-й и 2-й авт.: Лещенко И. Г. – заслуж. врач РФ, д-р мед. наук, проф., Кривощеков Е. П. – заслуж. раб. здравоохранения РФ, заслуж. раб. здравоохранения Самарской обл., д-р мед. наук, проф. | ||
| 320 | _aБиблиогр.: с. 256–269 (283 назв.) | ||
| 606 | 1 |
_aТравмы комбинированные _jРуководства, пособия и т.п _91441467 _3RU\NLR\AUTH\66299504 |
|
| 606 | 1 |
_aБоевые травмы _jРуководства, пособия и т.п _91165391 _3RU\NLR\AUTH\66149155 |
|
| 686 | 1 | _aР458.14я77 | |
| 686 | 1 | _aР458.141я77 | |
| 700 | 1 |
_aЛещенко _bИ. Г. _gИгорь Георгиевич |
|
| 701 | 1 |
_7ca _8rus _aКривощеков _bЕ. П. _gЕвгений Петрович _942210 _3RU\NLR\AUTH\7759278 |
|
| 701 | 1 |
_7ca _8rus _aРоманов _bВ. Е. _cд-р мед. наук _gВладислав Евгеньевич _942230 _3RU\NLR\AUTH\7759298 |
|
| 942 | _cBOOK | ||
| 980 | _aNB | ||